Catálogo

PERSPECTIVA DE LA METAFISICA DE SANTO TOMAS (Registro nro. 16461)

Detalles MARC
000 -LEADER
fixed length control field 00460nam a2200169 a 4500
001 - CONTROL NUMBER
control field 16461
005 - DATE AND TIME OF LATEST TRANSACTION
control field 20180713205413.0
008 - FIXED-LENGTH DATA ELEMENTS--GENERAL INFORMATION
fixed length control field 140415s1960 000 0 spa d
041 ## - LANGUAGE CODE
Language code of text/sound track or separate title spa
082 ## - DEWEY DECIMAL CLASSIFICATION NUMBER
Classification number 110
Item number SCI
100 1# - MAIN ENTRY--PERSONAL NAME
Personal name SCIACCA, MICHELE FEDERICO
245 10 - TITLE STATEMENT
Title PERSPECTIVA DE LA METAFISICA DE SANTO TOMAS
260 ## - PUBLICATION, DISTRIBUTION, ETC.
Place of publication, distribution, etc. [s.l.] :
Name of publisher, distributor, etc. SPEIRO,
Date of publication, distribution, etc. 1960
300 ## - PHYSICAL DESCRIPTION
Extent 182
650 14 - SUBJECT ADDED ENTRY--TOPICAL TERM
Topical term or geographic name entry element METAFISICA
General subdivision ONTOLOGIA
700 1# - ADDED ENTRY--PERSONAL NAME
Personal name MONSEGU, BERNARDO
Relator term tr.
Existencias
Withdrawn status Lost status Source of classification or shelving scheme Damaged status Not for loan Collection code Home library Current library Shelving location Date acquired Source of acquisition Inventory number Total Checkouts Full call number Barcode Date last seen Price effective from Koha item type
    Dewey Decimal Classification     General Biblioteca Karol Wojtyla Biblioteca Karol Wojtyla Sala general 03/12/2013 Compra 151000000000000000060513   110 SCI 34265 05/01/2026 03/12/2013 Libro